000 00595nam a22001937a 4500
999 _c1522
_d1522
003 AR-CdUCM
008 190227b ||||| |||| 00| 0 spa d
040 _aMUNICIPALIDAD PROVINCIAL DEL CUSCO
_cBIBLIOTECA MUNICIPAL DEL CUSCO
082 _a869.56 /
_bI85
100 _aIta Gómez, Jorge
_95744
245 _aEl amor visto a través del vino /
_cJorge Ita Gómez
260 _aLima :
_bCapuli,
_c1989.
300 _a40 paginas ;
_c20 cm.
650 _aPerú
_935
650 _aLatinoamerica
_94398
650 _aPoesia latinoamericana
_92147
942 _2ddc
_cLIBROS
945 _apjha
_d2019-02-27